Social and Rental Housing as One of the Conditions of Internal Migration for Work - on the Example of the Slovak Republic

Sociálne nájomné bývanie na Slovensku a v Bratislave. Analýza možností hlavného mesta v oblasti sociálneho bývania v otázkach nezamestnanosti a migrácie za prácou v rámci Slovenskej republiky.

Saved in:
Bibliographic Details
Main Author: Nováková, Michaela, 1977-
Format: Book Chapter
Language:English
Subjects:
Tags: Add Tag
No Tags, Be the first to tag this record!

MARC

LEADER 00000nla a2200000 4500
001 0246095
005 20240502101529.7
041 0 |a eng 
044 |a HR 
245 1 0 |a Social and Rental Housing as One of the Conditions of Internal Migration for Work - on the Example of the Slovak Republic  |c Michaela Novakova 
520 |a Sociálne nájomné bývanie na Slovensku a v Bratislave. Analýza možností hlavného mesta v oblasti sociálneho bývania v otázkach nezamestnanosti a migrácie za prácou v rámci Slovenskej republiky. 
610 2 0 |a trh práce 
610 2 0 |a pohyb síl pracovných 
610 2 0 |a migrácia 
610 2 0 |a bývanie 
610 2 0 |a politika bytová 
610 2 0 |a nehnuteľnosti 
610 2 0 |a byty 
610 2 0 |a nájomné 
610 2 0 |a byty nájomné 
610 2 0 |a byty sociálne 
610 2 0 |a byty súkromné 
610 2 0 |a rozdiely regionálne 
610 2 0 |a regióny 
610 2 0 |a nerovnosť príjmová 
610 2 0 |a Slovensko 
100 1 |a Nováková, Michaela, 1977-